000 00655nam a2200229 a 4500
005 20140311163043.0
008 120829s19uu xx 00 eng d
020 _a9780071326339
050 _aHF 5549
_b.Iv88 2013
100 _aIvancevich, John M.
245 _aHuman resource management /
_cJohn M. Ivancevich
250 _a12th ed.
260 _aNew York :
_bMcGraw Hill,
_c2013.
300 _axviii, 622 p. :
_bcol. ill. ;
_c25 cm.
500 _aIncludes index.
521 _aBSBA
650 _aPesonnel management
650 _aPersonnel management
_xCase studies
700 _aKonopaske, Robert
942 _cBK
_2lcc
_kFOR
999 _c39767
_d39767